It looks like you're offline.
Open Library logo
additional options menu

MARC Record from Library of Congress

Record ID marc_loc_2016/BooksAll.2016.part27.utf8:151347047:727
Source Library of Congress
Download Link /show-records/marc_loc_2016/BooksAll.2016.part27.utf8:151347047:727?format=raw

LEADER: 00727nam a2200229 a 4500
001 98229361
003 DLC
005 19981214144650.9
008 981209s1998 enk b 001 0 eng c
010 $a 98229361
020 $a0421565403
040 $aMoSU-L$cMoSU-L
042 $apcc
043 $ae-uk---
050 14 $aKD7645$b.B47 1998
100 1 $aBernstein, Ronald.
245 10 $aHandbook of arbitration practice /$c[by Ronald Bernstein ... et al.].
250 $a3rd ed.
260 $aLondon :$bSweet & Maxwell in conjunction with the Chartered Institute of Arbitrators,$c1998.
300 $axxxvii, 1009 p. ;$c26 cm.
504 $aIncludes bibliographical references and index.
650 0 $aArbitration and award$zGreat Britain.